| 000 | nam a22 7a 4500 | ||
|---|---|---|---|
| 999 |
_c25725 _d25725 |
||
| 008 | 170201b xxu||||| |||| 00| 0 eng d | ||
| 020 | _a9781305043244 | ||
| 050 | _aQH 308.2 .S65 2013 | ||
| 100 |
_aSolomon, Eldra P. _d2013 |
||
| 245 |
_aBiology / _cEdra P.Solomon,Linda R.Berg,Diana W.Martin |
||
| 260 |
_aAustralia: _bCengage, _c2013. |
||
| 300 |
_axxxii,707 p.: _bill.; _c28cm. |
||
| 500 | _aincludes bibliographical references and index. | ||
| 650 | _2Biology | ||
| 942 |
_2lcc _cBOOKS _hQH 308.2 .S65 2013 _k33351 |
||